000 00892nam a2200217 a 4500
999 _c6285
_d6285
001 6285
003 BD-JhCC
005 20180123183904.0
008 180118s2010 bg ||||| ||a| 00| 0 en d
035 _a(BD-JhCC)6285
040 _aBD-JhCC
_dBD-JhCC
041 _aben and arabic
082 _a297.8934
_bJAH 2010
100 _aজাহাঙ্গীর, খোন্দকার আব্দুল্লাহ
245 _aকুরবানী ও জাবীহুল্লাহ :
_bতাওরাত, যাবূর, ইঞ্জিল ও কোরআনের আলোকে /
_cখোন্দকার আব্দুল্লাহ জাহাঙ্গীর
260 _aঝিনাইদহ :
_bআস - সুন্নাহ পাবলিকেশন্স,
_c2010.
300 _a56 p. :
_c24 cm.
650 _aanimal sacrifise
942 _2ddc
_cBK